Bilecik Bilecik Bilecik Bilecik Bilecik

Matematik terimleri sözlüğü/ (Record no. 11469)

MARC details
000 -BAŞLIK
Sabit Uzunluktaki Kontrol Alanı 00979nam a22003257a 4500
001 - KONTROL NUMARASI
Control Dosyası 0011500
003 - KONTROL NUMARASI KİMLİĞİ
Kontrol Alanı KOHA_MİRAKIL
005 - EN SON İŞLEM TARİHİ ve ZAMANI
Kontrol Alanı 20260207001819.0
007 - FİZİKSEL TANIM SABİT ALAN - GENEL BİLGİ
Sabit uzunluklu kontrol alanı ta
008 - SABİT UZUNLUKTAKİ VERİ ÖGELERİ - GENEL BİLGİ
Sabit Alan 091214b1983 tu |||grd|||#0|||0|tur |
020 ## - ISBN - ULUSLARARASI STANDART KİTAP NUMARASI
Kullanılabilirlik koşulları 0,01
040 ## - KATALOGLAMA KAYNAĞI
Özgün Kataloglama Kurumu TR-BiSEU
Kataloglama Dili tur
Çeviri Kurumu TR-BiSEU
Açıklama Kuralları rda
041 0# - DİL KODU
Metin ya da ses kaydının dil kodu tur
044 ## - YAYINLAYAN/ÜRETEN KURULUŞUN ÜLKE KODU
ISO country code tu
050 ## - SINIFLAMA ve YER NUMARASI
Sınıflama Numarası QA5
Yer Numarası .C65 1983
100 1# - KİŞİ ADI
Yazar Adı (Kişi adı) Çoker, Doğan.
245 1# - ESER ADI BİLDİRİMİ
Başlık Matematik terimleri sözlüğü/
Sorumluluk Bildirimi Doğan Çoker ; Doğan Çoker, Timur Karaçay.
264 #1 - ÜRERİM, YAYIN, DAĞITIM ve TELİF BİLDİRİMİ
Yayın yeri Ankara :
Yayınlayan Türk Dil Kurumu
Yayın tarihi 1983
300 ## - FİZİKSEL TANIMLAMA
Sayfa, Cilt vb. xii, 502 sayfa; 23 cm.
336 ## - İÇERİK TÜRÜ
Content type term metin
Content type code txt
Source rdacontent
337 ## - MEDYA TÜRÜ
Media type term aracısız
Media type code n
Source rdamedia
338 ## - TAŞIYICI TÜRÜ
Carrier type term cilt
Carrier type code nc
Source rdacarrier
490 1# - DİZİ BİLDİRİMİ
Dizi Bildirimi Türk Dil Kurumu yayınları ;
Cilt Numarası 508
500 ## - GENEL NOT
Genel Not Kütüphanede 2 kopya vardır.
650 #0 - KONU BAŞLIĞI EK GİRİŞ - KONU TERİMİ
Konusal terim veya coğrafi ad Mathematics--Dictionaries.
9 (RLIN) 28037
650 #0 - KONU BAŞLIĞI EK GİRİŞ - KONU TERİMİ
Konusal terim veya coğrafi ad Matematik--Sözlükler.
9 (RLIN) 28038
830 1# - SERİ EK GİRİŞİ - TEKBİÇİM ESER ADI
Tekbiçim Başlık Türk Dil Kurumu yayınları ;
Volume number/sequential designation 508
9 (RLIN) 5565
907 ## - LOCAL DATA ELEMENT G, LDG (RLIN)
a Sözlük
942 ## - EK GİRİŞ ÖGELERİ (KOHA)
Source of classification or shelving scheme Library of Congress Classification
Koha item type Book
Holdings
Materyal Türü Kalıcı Konum Mevcut Konum Raf Yeri Koleksiyon Kodu Sınıflandırma Kaynağı Edinim Bilgisi Ana Konular Alt Konular Yer Numarası Demirbaş Numarası Fatura Tarihi Geri Çekilme Durumu Kayıp Durumu Hasarlı Durumu Kredi için değil Kayıt Tarih Toplam Ödünçverme Son Görülme Tarihi Son Kontrol Tarihi Genel / Bağış Notu
Danışma Kaynakları Prof. Dr. Azmi Özcan Kütüphanesi Prof. Dr. Azmi Özcan Kütüphanesi Birûni Salonu Referans Library of Congress Classification Bağış BİLİM Matematik QA5 .C65 1983 0011500 13/08/2010       Ödünç verilmez 14/12/2009   05/12/2024 05/12/2024 Genel Bağış